| 000 | 01392nam0a2200325 4500 | ||
|---|---|---|---|
| 001 | RU\NLR\BIBL_A\021954350 | ||
| 005 | 20260406053307.0 | ||
| 035 | _a(NLR Aleph) 021954350 | ||
| 090 |
_a13219750 _c13219750 |
||
| 100 | _a20230602d1988 |||y0rusy50 ca | ||
| 101 | 1 |
_arus _cjpn |
|
| 102 | _aRU | ||
| 105 | _aa z 000ay | ||
| 181 | 0 |
_ai3 _baxxe |
|
| 181 | 0 |
_ab1 _bxb2e |
|
| 182 | 0 | _an | |
| 200 | 1 |
_aИзбранное _fКобо Абэ _gперевод с японского В. С. Гривнина _gвступительная статья Н. Т. Федоренко _gиллюстрации В. П. Борисова |
|
| 203 |
_aТекст _aИзображение _bвизуальные _cнепосредственные |
||
| 210 |
_aМосква _cПравда _d1988 |
||
| 215 |
_a557, [2] с. _cил. _d21 |
||
| 327 | 1 | _aСодерж.: Чужое лицо; Сожженная карта; Человек-ящик | |
| 686 | 1 | _aШ6(5Я)67-440.4{Лх2318-50} | |
| 700 | 1 |
_7ca _8rus _aАбэ _bК. _f1924-1993 _gКобо _9118005 _3RU\NLR\AUTH\778086 |
|
| 702 | 1 |
_aГривнин _bВ. С. _f1923-2014 _gВладимир Сергеевич _4730 |
|
| 702 | 1 |
_4440 _7ca _8rus _aБорисов _bВ. П. _cхудожник-иллюстратор _9256658 _3RU\NLR\AUTH\770256714 |
|
| 852 |
_aNLR _j88-3/8141 |
||
| 942 | _cBOOK | ||
| 980 | _aNB | ||